Engineering materials (Record no. 268)
[ view plain ]
| 000 -LEADER | |
|---|---|
| fixed length control field | 00325 a2200121 4500 |
| 020 ## - INTERNATIONAL STANDARD BOOK NUMBER | |
| International Standard Book Number | 8121919606 |
| 082 ## - DEWEY DECIMAL CLASSIFICATION NUMBER | |
| Classification number | 620.112 RAJ |
| 100 ## - MAIN ENTRY--PERSONAL NAME | |
| Personal name | Rajput,R. K. |
| 245 ## - TITLE STATEMENT | |
| Title | Engineering materials |
| Statement of responsibility, etc. | R. K. Rajput |
| 250 ## - EDITION STATEMENT | |
| Edition statement | Rev. Ed. |
| 260 ## - PUBLICATION, DISTRIBUTION, ETC. | |
| Place of publication, distribution, etc. | New Delhi : |
| Name of publisher, distributor, etc. | S Chand and Company |
| Date of publication, distribution, etc. | 2008 |
| 300 ## - PHYSICAL DESCRIPTION | |
| Extent | xvi, 473p. : |
| Other physical details | ill. ; |
| Dimensions | 25 cm. |
| 650 ## - SUBJECT ADDED ENTRY--TOPICAL TERM | |
| Topical term or geographic name entry element | Engineering materials |
| Withdrawn status | Lost status | Damaged status | Not for loan | Permanent Location | Current Location | Shelving location | Date acquired | Total Checkouts | Total Renewals | Full call number | Barcode | Date last seen | Date last checked out | Price effective from | Koha item type | Source of acquisition | Checked out |
|---|---|---|---|---|---|---|---|---|---|---|---|---|---|---|---|---|---|
| Central Library (CL) | Central Library (CL) | 10/26/2020 | 4 | 5 | NIT-5789 | 03/04/2022 | 12/16/2021 | 01/05/2017 | Book | ||||||||
| School of Civil and Environmental Engineering (SCEE) | School of Civil and Environmental Engineering (SCEE) | 3 | 4 | 620.112 RAJ | NIT-5790 | 01/26/2026 | 09/12/2024 | 01/05/2017 | Book | ||||||||
| School of Civil and Environmental Engineering (SCEE) | School of Civil and Environmental Engineering (SCEE) | 9 | NIT-5202 | 02/06/2026 | 12/23/2025 | 01/05/2017 | Report | NIT | |||||||||
| School of Civil and Environmental Engineering (SCEE) | School of Civil and Environmental Engineering (SCEE) | 4 | 3 | NIT-5201 | 10/28/2025 | 10/13/2025 | 01/05/2017 | Book | |||||||||
| School of Civil and Environmental Engineering (SCEE) | School of Civil and Environmental Engineering (SCEE) | 2 | NIT-5200 | 12/26/2024 | 09/12/2024 | 01/05/2017 | Book | ||||||||||
| School of Civil and Environmental Engineering (SCEE) | School of Civil and Environmental Engineering (SCEE) | 2 | NIT-5788 | 06/08/2023 | 06/08/2023 | 01/05/2017 | Book | 10/06/2023 | |||||||||
| School of Civil and Environmental Engineering (SCEE) | School of Civil and Environmental Engineering (SCEE) | 4 | NIT-5203 | 01/02/2026 | 10/10/2025 | 01/05/2017 | Book | ||||||||||
| School of Civil and Environmental Engineering (SCEE) | School of Civil and Environmental Engineering (SCEE) | 1 | NIT-5204 | 10/23/2019 | 10/23/2019 | 01/05/2017 | Book | 12/04/2019 |
